[Event "DMP-III LIGA Senior PK 2020"]
[Site "Bystre"]
[Date "2020.07.08"]
[Round "1.21"]
[White "Futyma, Dawid"]
[Black "Baniak, Lukasz"]
[Result "0-1"]
[WhiteElo "1278"]
[BlackElo "1939"]
[Annotator "TA"]
[PlyCount "38"]
[EventDate "2020.07.05"]
[EventType "team-tourn"]
[EventCountry "POL"]
[SourceTitle "playchess.com"]
[Source "ChessBase"]
[SourceQuality "1"]

{[%evp 23,38,-88,-77,-150,-143,-464,-464,-460,-481,-471,-458,-604,-609,-608,-601,-731,-607]} 1. e4 c5 2. Nf3 g6 3. d4 cxd4 4. Nxd4 Nc6 5. Nc3 Bg7 6. Be3 Nf6 7. f3 O-O 8. Bc4 Qb6 9. Qd2 Nxe4 10. Nxc6 Nxd2 11. Nxe7+ Kh8 12. Bxb6 Nxc4 13. Bc5 {B35: Sicilian: Accelerated Dragon with 5 Nc3: main line.} ({White should play} 13. Bf2) 13... d6 $17 14. Bb4 $2 {[%mdl 8192] [#]} (14. Bf2 $17 {is more resistant.}) 14... a5 $19 {Black is clearly winning.} ({Not} 14... Re8 15. Ncd5 $17) 15. Bxd6 Nxd6 16. O-O-O Nc4 {[#]} 17. g4 $146 ({Predecessor:} 17. Ned5 a4 18. h4 Ra5 19. g4 Be6 20. Nf4 a3 21. b3 Nb2 22. h5 g5 23. Nfe2 Nxd1 24. Nxd1 {0-1 (30) Thiery,J-Fey,F Willingen 2001}) 17... Be6 18. Ned5 Rac8 19. Kb1 {[#]} Nxb2 $1 {[%mdl 512] Black took control after the opening.} 0-1

[Event "DMP-III LIGA Senior PK 2020"]
[Site "Bystre"]
[Date "2020.07.08"]
[Round "1.22"]
[White "Biesiadecki, Adam"]
[Black "Szaro, Mariusz"]
[Result "1/2-1/2"]
[WhiteElo "1539"]
[BlackElo "1559"]
[Annotator "NA RC"]
[PlyCount "94"]
[EventDate "2020.07.05"]
[EventType "team-tourn"]
[EventCountry "POL"]
[SourceTitle "playchess.com"]
[Source "ChessBase"]
[SourceQuality "1"]
[TimeControl "5400+30"]

1. d4 e6 2. c4 f5 3. e4 fxe4 4. Nc3 Nf6 5. Bg5 Bb4 6. Nge2 O-O 7. d5 e5 8. a3 Be7 9. Bxf6 Bxf6 10. Nxe4 d6 11. N2g3 a5 12. Bd3 Qe8 13. Qc2 Qf7 14. Nxf6+ gxf6 15. Nf5 Kh8 16. O-O-O Na6 17. f4 Nc5 18. Rhf1 Nxd3+ 19. Qxd3 Bxf5 20. Qxf5 Qg6 21. Qh3 Qe4 22. Qd3 Qxd3 23. Rxd3 e4 24. Rb3 b6 25. f5 Rae8 26. Re3 Rg8 27. Rf2 Re5 28. h3 h5 29. Rfe2 Rg5 30. Rxe4 Rgxf5 31. g4 hxg4 32. hxg4 Rxe4 33. Rxe4 Re5 34. Rf4 Kg7 35. Kd2 Kg6 36. b4 axb4 37. axb4 Kg5 38. Rd4 Kh4 39. Kc2 Rg5 40. Rf4 Rxg4 41. Rxf6 Rxc4+ 42. Kb3 b5 43. Rg6 Rd4 44. Rg7 Rxd5 45. Rxc7 Kg4 46. Rf7 Rd3+ 47. Kc2 Rd4 1/2-1/2

[Event "DMP-III LIGA Senior PK 2020"]
[Site "Bystre"]
[Date "2020.07.08"]
[Round "1.24"]
[White "Krzyzanowska-Zadlo, Lidia"]
[Black "Kruczek, Aleksandra"]
[Result "1-0"]
[WhiteElo "1801"]
[BlackElo "1038"]
[Annotator "NA RC"]
[PlyCount "111"]
[EventDate "2020.07.05"]
[EventType "team-tourn"]
[EventCountry "POL"]
[SourceTitle "playchess.com"]
[Source "ChessBase"]
[SourceQuality "1"]
[TimeControl "5400+30"]

1. e4 {[%emt 0:00:00]} e5 {[%emt 0:00:00]} 2. Nf3 {[%emt 0:00:00]} Nc6 {[%emt 0:00:02]} 3. Bb5 {[%emt 0:00:00]} Nf6 {[%emt 0:00:32]} 4. O-O {[%emt 0:00:17]} Be7 {[%emt 0:02:27]} 5. d3 {[%emt 0:05:29]} O-O {[%emt 0:01:51]} 6. c3 {[%emt 0:01:34]} a6 {[%emt 0:12:48]} 7. Bxc6 {[%emt 0:02:48]} dxc6 {[%emt 0:02:49]} 8. Nxe5 {[%emt 0:00:18]} Qd6 {[%emt 0:01:37]} 9. Nc4 {[%emt 0:01:10]} Qd8 {[%emt 0:10:14]} 10. Qe2 {[%emt 0:01:18]} b5 {[%emt 0:05:21]} 11. Ne3 {[%emt 0:04:15]} c5 {[%emt 0:06:04]} 12. Nd2 {[%emt 0:01:56]} Bb7 {[%emt 0:02:56]} 13. Nf5 {[%emt 0:05:10]} Qd7 {[%emt 0:07:41]} 14. f3 {[%emt 0:06:56]} Rfe8 {[%emt 0:08:44]} 15. Nb3 {[%emt 0:00:51]} Rad8 {[%emt 0:02:58]} 16. Nxe7+ {[%emt 0:00:56]} Qxe7 {[%emt 0:01:48]} 17. Be3 {[%emt 0:01:09]} c4 {[%emt 0:04:51]} 18. dxc4 {[%emt 0:01:01]} bxc4 {[%emt 0:00:21]} 19. Qxc4 {[%emt 0:01:40]} Ra8 {[%emt 0:08:44]} 20. Rad1 {[%emt 0:01:44]} Red8 {[%emt 0:01:42]} 21. Bg5 {[%emt 0:02:14]} Rxd1 {[%emt 0:01:55]} 22. Rxd1 {[%emt 0:00:10]} Rd8 {[%emt 0:00:27]} 23. Rd4 {[%emt 0:01:22]} h6 {[%emt 0:03:24]} 24. Rxd8+ {[%emt 0:01:33]} Qxd8 {[%emt 0:00:25]} 25. Bxf6 {[%emt 0:00:15]} Qd1+ {[%emt 0:02:16]} 26. Kf2 {[%emt 0:01:25]} Qc2+ {[%emt 0:01:26]} 27. Qe2 {[%emt 0:00:46]} Qxe2+ {[%emt 0:00:24]} 28. Kxe2 {[%emt 0:00:06]} gxf6 {[%emt 0:00:04]} 29. Nc5 {[%emt 0:00:52]} Bc8 {[%emt 0:00:27]} 30. Ke3 {[%emt 0:01:55]} Kf8 {[%emt 0:00:32]} 31. b4 {[%emt 0:00:38]} Ke7 {[%emt 0:00:32]} 32. Kd4 {[%emt 0:00:11]} Kd6 {[%emt 0:00:46]} 33. a4 {[%emt 0:01:46]} c6 {[%emt 0:00:35]} 34. a5 {[%emt 0:00:34]} h5 {[%emt 0:00:30]} 35. h4 {[%emt 0:00:44]} Kc7 {[%emt 0:00:32]} 36. Nd3 {[%emt 0:00:40]} Kd6 {[%emt 0:01:05]} 37. Nf4 {[%emt 0:00:50]} f5 {[%emt 0:01:19]} 38. e5+ {[%emt 0:00:21]} Ke7 {[%emt 0:00:24]} 39. Nxh5 {[%emt 0:00:26]} Kf8 {[%emt 0:00:29]} 40. Kc5 {[%emt 0:00:18]} Bb7 {[%emt 0:01:14]} 41. Kb6 {[%emt 0:00:14]} Bc8 {[%emt 0:00:20]} 42. Kxc6 {[%emt 0:00:33]} Ke7 {[%emt 0:00:50]} 43. Nf4 {[%emt 0:00:31]} Bd7+ {[%emt 0:01:18]} 44. Kc5 {[%emt 0:01:12]} f6 {[%emt 0:00:40]} 45. e6 {[%emt 0:00:19]} Bxe6 {[%emt 0:00:10]} 46. Nxe6 {[%emt 0:00:10]} Kxe6 {[%emt 0:00:05]} 47. f4 {[%emt 0:00:15]} Kf7 {[%emt 0:00:17]} 48. b5 {[%emt 0:00:05]} axb5 {[%emt 0:00:28]} 49. a6 {[%emt 0:00:05]} b4 {[%emt 0:00:18]} 50. cxb4 {[%emt 0:00:07]} Ke7 {[%emt 0:00:11]} 51. a7 {[%emt 0:00:09]} Kd7 {[%emt 0:00:19]} 52. a8=Q {[%emt 0:00:09]} Ke7 {[%emt 0:00:18]} 53. Qg8 {[%emt 0:00:28]} Kd7 {[%emt 0:00:16]} 54. Qf7+ {[%emt 0:00:06]} Kd8 {[%emt 0:00:24]} 55. Kc6 {[%emt 0:00:08]} Kc8 {[%emt 0:00:22]} 56. Qc7# {[%emt 0:00:00]} 1-0

[Event "DMP-III LIGA Senior PK 2020"]
[Site "Bystre"]
[Date "2020.07.08"]
[Round "1.25"]
[White "Zgoda, Damian"]
[Black "Miasik, Adrian"]
[Result "0-1"]
[WhiteElo "1672"]
[BlackElo "1881"]
[Annotator "NA RC"]
[PlyCount "42"]
[EventDate "2020.07.05"]
[EventType "team-tourn"]
[EventCountry "POL"]
[SourceTitle "playchess.com"]
[Source "ChessBase"]
[SourceQuality "1"]
[TimeControl "5400+30"]

1. d4 {[%emt 0:00:00]} d5 {[%emt 0:00:00]} 2. Nf3 {[%emt 0:00:02]} e6 {[%emt 0:00:00]} 3. c4 {[%emt 0:00:31]} c5 {[%emt 0:00:24]} 4. g3 Nc6 5. Bg2 {[%emt 0:02:54]} Nf6 {[%emt 0:08:02]} 6. O-O {[%emt 0:01:19]} Be7 {[%emt 0:03:56]} 7. cxd5 {[%emt 0:05:13]} exd5 {[%emt 0:02:44]} 8. dxc5 {[%emt 0:03:59]} Bxc5 {[%emt 0:03:23]} 9. Qc2 {[%emt 0:02:15]} Bb6 {[%emt 0:01:11]} 10. Nc3 {[%emt 0:02:32]} O-O {[%emt 0:11:46]} 11. Bg5 {[%emt 0:02:15]} Be6 {[%emt 0:01:46]} 12. Rfd1 {[%emt 0:04:07]} h6 {[%emt 0:02:50]} 13. Bf4 {[%emt 0:16:36]} Rc8 {[%emt 0:15:12]} 14. h3 {[%emt 0:08:44]} Qe7 {[%emt 0:04:18]} 15. Ne5 {[%emt 0:08:58]} Nxe5 {[%emt 0:09:35]} 16. Bxe5 {[%emt 0:00:22]} Bxh3 {[%emt 0:09:23]} 17. Bxh3 {[%emt 0:06:12]} Qxe5 {[%emt 0:00:37]} 18. Bxc8 {[%emt 0:00:55]} Qxg3+ {[%emt 0:00:24]} 19. Kh1 {[%emt 0:00:23]} Qh4+ {[%emt 0:01:27]} 20. Kg2 {[%emt 0:00:54]} Qxf2+ {[%emt 0:00:10]} 21. Kh3 {[%emt 0:01:14]} Bc7 {[%emt 0:00:19]} 0-1

[Event "DMP-III LIGA Senior PK 2020"]
[Site "Bystre"]
[Date "2020.07.08"]
[Round "1.26"]
[White "Ciasnocha, Michal"]
[Black "Smusz, Kamil"]
[Result "1/2-1/2"]
[WhiteElo "1795"]
[BlackElo "1922"]
[Annotator "TA"]
[PlyCount "55"]
[EventDate "2020.07.05"]
[EventType "team-tourn"]
[EventCountry "POL"]
[SourceTitle "playchess.com"]
[Source "ChessBase"]
[SourceQuality "1"]

{[%evp 17,55,17,31,0,22,0,12,16,76,19,15,14,19,26,87,85,100,103,133,128,257,247,243,236,240,227,220,200,210,0,0,0,191,159,215,0,179,0,186,0]} 1. d4 d5 2. c4 c6 3. Nc3 Nf6 4. e3 e6 5. Nf3 Nbd7 6. Bd3 dxc4 7. Bxc4 b5 8. Bd3 Bd6 9. O-O O-O 10. Qe2 {D47: Semi-Slav: Meran System.} Bb7 11. Rd1 Qe7 12. e4 {[#] Hoping for e5.The position is equal.} b4 $146 (12... e5 $11) ({Predecessor:} 12... e5 13. dxe5 Nxe5 14. Nh4 Bc8 15. Nf5 Bxf5 16. exf5 Nxd3 17. Qxe7 Bxe7 18. Rxd3 Rad8 19. Rxd8 Rxd8 {0-1 (49) Eftovski,M (1723)-Veljanoski,A (2029) Skopje 2019}) 13. e5 ({Better is} 13. Na4 $16 {Threatens to win with e5.} e5 14. Nxe5) 13... bxc3 $11 14. exd6 Qxd6 15. bxc3 Rfe8 (15... c5 $11) 16. Rb1 $16 Rab8 17. Ne5 c5 18. Bf4 {aiming for dxc5.} Nd5 (18... c4 $16 {was necessary.}) 19. Bxh7+ ({Weaker is} 19. Qh5 g6 $11) 19... Kxh7 20. Qh5+ {[%mdl 64] [#] Double Attack} Kg8 {And now ...Qe7 would win.} 21. Qxf7+ {[%mdl 64] Double Attack} Kh7 22. dxc5 ({Much less strong is} 22. Nxd7 Qxf4 23. Qxf4 Nxf4) (22. Qxd7 $6 Qxd7 23. Nxd7 Nxf4) 22... Nxc5 23. Qg6+ $2 (23. Qh5+ $18 Kg8 24. Be3 (24. Qf7+ Kh7 $18)) 23... Kg8 $11 {With the idea ...Qf8.} 24. Qf7+ $2 $40 {[%mdl 128] White attacks.} (24. Rxb7 $11 Nxb7 25. Qf7+ Kh7 26. Qh5+ Kg8 27. Qf7+ Kh7 28. Qh5+ Kg8 29. Qf7+) 24... Kh7 $18 25. Qh5+ {[%mdl 1024] White has strong compensation.} Kg8 26. Qf7+ Kh7 27. Qh5+ Kg8 28. Qf7+ $2 {Accuracy: White = 68%, Black = 55%.} (28. Be3 $18 Rf8 29. Ng6) 1/2-1/2

[Event "DMP-III LIGA Senior PK 2020"]
[Site "Bystre"]
[Date "2020.07.08"]
[Round "1.27"]
[White "Kasperek, Rafal"]
[Black "Babiarz, Arkadiusz"]
[Result "1-0"]
[WhiteElo "1982"]
[BlackElo "1840"]
[Annotator "TA"]
[PlyCount "83"]
[EventDate "2020.07.05"]
[EventType "team-tourn"]
[EventCountry "POL"]
[SourceTitle "playchess.com"]
[Source "ChessBase"]
[SourceQuality "1"]

{[%evp 16,83,55,0,28,0,6,-18,21,-8,77,0,33,28,80,51,63,55,68,0,0,-44,24,36,32,0,0,0,0,0,62,0,33,15,42,0,272,-43,-54,-31,0,0,123,0,0,0,119,-94,147,126,283,283,254,264,254,239,315,311,283,208,362,296,383,304,312,0,316,274,1137,1025]} 1. e4 c5 2. Nf3 e6 3. d3 d5 4. Nbd2 Nc6 5. g3 Bd6 6. Bg2 Nge7 7. O-O O-O 8. Re1 f6 9. c3 (9. exd5 $14 exd5 10. c4) 9... Bd7 {A08: King's Indian Attack.} 10. h4 Qc7 11. Qe2 b5 {The position is equal.} 12. Nb3 {[#]} c4 $146 (12... Rae8 $11) ({Predecessor:} 12... dxe4 13. dxe4 e5 14. Be3 Nd8 15. c4 b4 16. a3 bxa3 17. Rxa3 Nb7 18. Ra6 Nc6 {1-0 (46) Ziska,H (2553)-Della Pietra,A (2228) Reykjavik 2017}) 13. Nbd4 (13. exd5 $16 exd5 14. dxc4 bxc4 15. Nbd4) 13... Ne5 14. dxc4 {aiming for exd5.} bxc4 (14... Nxf3+ $11 15. Bxf3 dxc4) 15. Nxe5 fxe5 16. Nf3 Rae8 17. b4 {[#]} ({Better is} 17. h5 $14) 17... d4 $1 $36 {[%mdl 2560] Black has some pressure.} 18. cxd4 exd4 (18... Rxf3 $1 $15 19. Bxf3 (19. Qxf3 exd4 20. a3 e5 $15) 19... exd4) 19. Nxd4 Bxb4 20. Bd2 (20. Rd1 {feels hotter.} e5 21. Nc2 a5 22. a3 Bd6 23. Bd2) 20... Bxd2 21. Qxd2 e5 22. Nf3 c3 (22... Be6 $11) 23. Qe3 ({White should play} 23. Qd3 $14) 23... Rb8 24. Rac1 Rfc8 25. Re2 (25. Bf1 $5 {[%cal Rf1a6]}) 25... Rb2 $2 {[%mdl 8192]} (25... Rb5 $1 $11) 26. Rec2 $2 ({Only move:} 26. Rxb2 $18 cxb2 27. Qb3+ {[%mdl 64] Double Attack} Be6 28. Qxe6+ {[%mdl 64] Double Attack} Kh8 29. Rf1 (29. Rxc7 b1=Q+ 30. Kh2 Rxc7 $16)) 26... Rxc2 $15 27. Rxc2 Ba4 28. Rc1 {Bh3 is the strong threat.} c2 {[#]} (28... Qc5 $1 $11) 29. Bh3 (29. Qa3 $1 $16 {[%cal Ra3a4]} Be8 30. Ne1) 29... Rd8 $11 {Threatens to win with ...Rd1+.} 30. Be6+ Kf8 (30... Kh8 $11 {keeps the balance.} 31. Ng5 Rd1+ 32. Kg2 h6) 31. Bb3 $2 (31. Nd2 $16 {is forced if you want to stay better. Black must now prevent Qf3+.} Ke8 32. Bb3 Bxb3 33. axb3) 31... Bxb3 $2 (31... Rd1+ $1 $17 32. Kg2 Bxb3 33. axb3 Ke8 34. Nxe5 Rxc1 35. Qxc1 Qxe5 36. Qxc2 Kf8) 32. Qxb3 $16 {Hoping for Ng5.} Rd1+ $2 (32... Rb8 $16 33. Qxc2 Qxc2 34. Rxc2 Rb4) 33. Rxd1 $18 cxd1=Q+ 34. Qxd1 h6 35. Qb3 Qd6 36. Kg2 Nc6 37. Qb7 a5 $2 (37... Qg6 38. Nd2 Qe6) 38. a4 Kg8 39. Qb3+ Kf8 40. Qb7 Kg8 $1 41. Qc8+ Kf7 $2 {[#]} (41... Kh7 42. Qf5+ Kg8 43. Qc8+ Kh7 44. Qf5+ Qg6) 42. Qxc6 $1 {[%mdl 512] Accuracy: White = 40%, Black = 32%.} 1-0

[Event "DMP-III LIGA Senior PK 2020"]
[Site "Bystre"]
[Date "2020.07.08"]
[Round "1.28"]
[White "Ziemniak, Piotr"]
[Black "Mikula, Michal"]
[Result "*"]
[WhiteElo "1791"]
[BlackElo "1858"]
[Annotator "NA RC"]
[PlyCount "22"]
[EventDate "2020.07.05"]
[EventType "team-tourn"]
[EventCountry "POL"]
[SourceTitle "playchess.com"]
[Source "ChessBase"]
[SourceQuality "1"]
[TimeControl "5400+30"]

1. e4 {[%emt 0:00:00]} c5 {[%emt 0:00:08]} 2. Nf3 {[%emt 0:00:00]} g6 {[%emt 0:00:10]} 3. d4 {[%emt 0:00:00]} cxd4 {[%emt 0:00:08]} 4. Nxd4 {[%emt 0:00:00]} Bg7 {[%emt 0:00:22]} 5. Be3 {[%emt 0:01:22]} Nf6 {[%emt 0:01:01]} 6. Nc3 {[%emt 0:00:07]} Nc6 {[%emt 0:00:33]} 7. f3 {[%emt 0:01:38]} O-O {[%emt 0:00:24]} 8. Qd2 {[%emt 0:00:09]} d5 {[%emt 0:02:30]} 9. Nxc6 {[%emt 0:07:12]} bxc6 {[%emt 0:00:14]} 10. O-O-O {[%emt 0:03:18]} Qa5 {[%emt 0:10:27]} 11. a3 {[%emt 0:07:24]} Rb8 {[%emt 0:07:49]} *

[Event "DMP-III LIGA Senior PK 2020"]
[Site "Bystre"]
[Date "2020.07.08"]
[Round "1.29"]
[White "Sygulski, Piotr"]
[Black "Wozniak, Grzegorz"]
[Result "1-0"]
[WhiteElo "1652"]
[BlackElo "1608"]
[Annotator "NA RC"]
[PlyCount "65"]
[EventDate "2020.07.05"]
[EventType "team-tourn"]
[EventCountry "POL"]
[SourceTitle "playchess.com"]
[Source "ChessBase"]
[SourceQuality "1"]
[TimeControl "5400+30"]

1. e4 {[%emt 0:00:00]} c5 {[%emt 0:00:25]} 2. Ne2 {[%emt 0:00:00]} Nc6 {[%emt 0:00:16]} 3. d4 {[%emt 0:00:08]} cxd4 {[%emt 0:00:34]} 4. Nxd4 {[%emt 0:00:06]} d6 {[%emt 0:02:18]} 5. Be2 {[%emt 0:00:48]} Nf6 {[%emt 0:00:24]} 6. Nc3 {[%emt 0:00:53]} g6 {[%emt 0:00:20]} 7. Be3 {[%emt 0:01:56]} Bg7 {[%emt 0:01:12]} 8. O-O {[%emt 0:02:41]} O-O {[%emt 0:00:05]} 9. Kh1 {[%emt 0:00:37]} a6 {[%emt 0:07:03]} 10. f4 {[%emt 0:04:25]} Nxd4 {[%emt 0:10:47]} 11. Bxd4 {[%emt 0:00:31]} b5 {[%emt 0:00:20]} 12. Bf3 {[%emt 0:04:37]} Bb7 {[%emt 0:00:24]} 13. a3 {[%emt 0:06:58]} Rc8 {[%emt 0:08:52]} 14. Qe1 {[%emt 0:04:32]} Qd7 {[%emt 0:05:41]} 15. Rd1 {[%emt 0:02:20]} Rfe8 {[%emt 0:03:10]} 16. Qh4 {[%emt 0:10:08]} Bc6 {[%emt 0:09:31]} 17. f5 {[%emt 0:09:12]} e5 {[%emt 0:03:28]} 18. Be3 {[%emt 0:03:58]} gxf5 {[%emt 0:09:07]} 19. exf5 {[%emt 0:03:46]} Bxf3 {[%emt 0:07:35]} 20. Rxf3 {[%emt 0:00:35]} Rc4 {[%emt 0:03:37]} 21. Qh3 {[%emt 0:02:00]} d5 {[%emt 0:11:27]} 22. Bh6 {[%emt 0:02:23]} Bxh6 {[%emt 0:05:59]} 23. Qxh6 {[%emt 0:00:42]} Ng4 {[%emt 0:00:19]} 24. Qg5+ {[%emt 0:04:22]} Kh8 {[%emt 0:01:06]} 25. Rxd5 {[%emt 0:01:23]} f6 {[%emt 0:02:31]} 26. Qh5 {[%emt 0:01:42]} Qe7 {[%emt 0:00:40]} 27. b3 {[%emt 0:01:32]} Rd4 {[%emt 0:00:23]} 28. h3 {[%emt 0:02:46]} Rg8 {[%emt 0:01:32]} 29. hxg4 {[%emt 0:01:45]} Rdxg4 {[%emt 0:00:07]} 30. Rf2 {[%emt 0:03:04]} Qxa3 {[%emt 0:01:52]} 31. Rd7 {[%emt 0:00:11]} Qc1+ {[%emt 0:01:07]} 32. Nd1 {[%emt 0:00:13]} h6 {[%emt 0:01:05]} 33. Rfd2 {[%emt 0:00:07]} 1-0

[Event "DMP-III LIGA Senior PK 2020"]
[Site "Bystre"]
[Date "2020.07.08"]
[Round "1.30"]
[White "Polak, Sylwia"]
[Black "Zgoda, Aleksandra"]
[Result "*"]
[WhiteElo "1614"]
[BlackElo "1203"]
[Annotator "NA RC"]
[PlyCount "49"]
[EventDate "2020.07.05"]
[EventType "team-tourn"]
[EventCountry "POL"]
[SourceTitle "playchess.com"]
[Source "ChessBase"]
[SourceQuality "1"]
[TimeControl "5400+30"]

1. d4 {[%emt 0:00:00]} Nf6 {[%emt 0:00:00]} 2. c4 {[%emt 0:00:00]} e5 {[%emt 0:00:00]} 3. dxe5 {[%emt 0:00:00]} Ng4 {[%emt 0:00:12]} 4. e3 {[%emt 0:00:00]} Nxe5 {[%emt 0:00:22]} 5. Nh3 {[%emt 0:00:01]} Nbc6 {[%emt 0:00:57]} 6. Nc3 {[%emt 0:01:40]} Be7 {[%emt 0:01:45]} 7. Be2 {[%emt 0:00:57]} d6 {[%emt 0:03:26]} 8. Nf4 {[%emt 0:00:04]} O-O {[%emt 0:04:49]} 9. O-O {[%emt 0:00:08]} Be6 {[%emt 0:04:47]} 10. Nfd5 {[%emt 0:01:39]} a6 {[%emt 0:09:45]} 11. b3 {[%emt 0:04:54]} Nb8 {[%emt 0:12:49]} 12. f4 {[%emt 0:04:16]} Ned7 {[%emt 0:05:55]} 13. Nxe7+ {[%emt 0:05:04]} Qxe7 {[%emt 0:01:30]} 14. f5 {[%emt 0:00:23]} Qf6 {[%emt 0:04:29]} 15. Qd4 {[%emt 0:00:35]} Ne5 {[%emt 0:08:26]} 16. fxe6 {[%emt 0:00:43]} Qxe6 {[%emt 0:02:48]} 17. Nd5 {[%emt 0:01:55]} Qd7 {[%emt 0:02:49]} 18. Bb2 {[%emt 0:01:09]} Nbc6 {[%emt 0:01:38]} 19. Qh4 {[%emt 0:03:10]} Rfe8 {[%emt 0:01:56]} 20. Bd3 {[%emt 0:06:10]} h6 {[%emt 0:06:11]} 21. Bf5 {[%emt 0:01:34]} Qd8 {[%emt 0:02:10]} 22. Qxd8 {[%emt 0:00:30]} Raxd8 {[%emt 0:00:44]} 23. Nxc7 {[%emt 0:00:20]} Re7 {[%emt 0:01:23]} 24. Nd5 {[%emt 0:00:05]} Ree8 {[%emt 0:00:17]} 25. Rad1 {[%emt 0:01:43]} *

[Event "DMP-III LIGA Senior PK 2020"]
[Site "Bystre"]
[Date "2020.07.09"]
[Round "2.1"]
[White "Stefanski, Robert"]
[Black "Miasik, Adrian"]
[Result "0-1"]
[WhiteElo "1649"]
[BlackElo "1881"]
[Annotator "NA"]
[PlyCount "72"]
[EventDate "2020.07.05"]
[EventType "team-tourn"]
[EventCountry "POL"]
[SourceTitle "playchess.com"]
[Source "ChessBase"]
[SourceQuality "1"]
[TimeControl "5400+30"]

1. e3 {[%emt 0:00:00]} d5 {[%emt 0:00:04]} 2. d4 {[%emt 0:00:00]} e6 {[%emt 0:00:22]} 3. c4 {[%emt 0:00:00]} c5 {[%emt 0:00:09]} 4. Nf3 {[%emt 0:00:22]} Nf6 {[%emt 0:00:35]} 5. Nc3 {[%emt 0:02:11]} dxc4 {[%emt 0:03:08]} 6. Bxc4 {[%emt 0:00:10]} a6 {[%emt 0:00:53]} 7. a4 {[%emt 0:06:04]} Nc6 {[%emt 0:06:54]} 8. O-O {[%emt 0:02:02]} Be7 {[%emt 0:04:38]} 9. d5 {[%emt 0:06:14]} exd5 {[%emt 0:02:35]} 10. Nxd5 {[%emt 0:00:12]} O-O {[%emt 0:01:08]} 11. Nxe7+ {[%emt 0:12:16]} Qxe7 {[%emt 0:00:27]} 12. Qe2 {[%emt 0:01:40]} Bg4 {[%emt 0:08:44]} 13. Bd2 {[%emt 0:09:19]} Ne4 {[%emt 0:05:23]} 14. Rad1 {[%emt 0:07:11]} Rad8 {[%emt 0:10:34]} 15. h3 {[%emt 0:04:50]} Bh5 {[%emt 0:17:21]} 16. g4 {[%emt 0:03:02]} Bg6 {[%emt 0:00:10]} 17. Bc1 {[%emt 0:00:55]} h5 {[%emt 0:03:32]} 18. Nd2 $2 {[%emt 0:04:01]} (18. Rxd8 $17 Rxd8 19. Rd1) 18... Ne5 $19 {[%emt 0:04:38]} 19. Nxe4 {[%emt 0:03:33]} Bxe4 {[%emt 0:02:03]} 20. f4 {[%emt 0:06:10]} Rxd1 {[%emt 0:01:15]} 21. fxe5 {[%emt 0:04:03]} Rxf1+ {[%emt 0:00:23]} 22. Qxf1 {[%emt 0:04:28]} Qxe5 {[%emt 0:02:24]} 23. Qf4 {[%emt 0:01:29]} Qe7 {[%emt 0:03:40]} 24. gxh5 {[%emt 0:01:42]} Rd8 {[%emt 0:00:59]} 25. Be2 {[%emt 0:01:54]} Rd5 {[%emt 0:03:01]} 26. Bg4 {[%emt 0:01:48]} Qe5 {[%emt 0:05:04]} 27. Qf2 {[%emt 0:03:35]} b5 {[%emt 0:01:02]} 28. axb5 {[%emt 0:02:32]} axb5 {[%emt 0:00:07]} 29. Qf4 {[%emt 0:00:54]} b4 {[%emt 0:01:35]} 30. Kf2 {[%emt 0:01:35]} Qxf4+ {[%emt 0:03:06]} 31. exf4 {[%emt 0:00:02]} Rd3 {[%emt 0:00:27]} 32. Be3 {[%emt 0:00:52]} c4 {[%emt 0:01:22]} 33. Be2 {[%emt 0:00:53]} Rb3 {[%emt 0:00:41]} 34. Bd4 {[%emt 0:04:59]} c3 {[%emt 0:00:49]} 35. bxc3 {[%emt 0:00:37]} bxc3 {[%emt 0:00:05]} 36. Ke3 {[%emt 0:01:11]} c2+ 0-1

[Event "DMP-III LIGA Senior PK 2020"]
[Site "Bystre"]
[Date "2020.07.09"]
[Round "2.2"]
[White "Ciasnocha, Michal"]
[Black "Socha, Kamil"]
[Result "1-0"]
[WhiteElo "1795"]
[BlackElo "1817"]
[Annotator "NA"]
[PlyCount "79"]
[EventDate "2020.07.05"]
[EventType "team-tourn"]
[EventCountry "POL"]
[SourceTitle "playchess.com"]
[Source "ChessBase"]
[SourceQuality "1"]
[TimeControl "5400+30"]

1. d4 {[%emt 0:00:00]} Nf6 {[%emt 0:03:29]} 2. Nf3 {[%emt 0:00:09]} e6 {[%emt 0:01:17]} 3. g3 {[%emt 0:01:09]} b6 {[%emt 0:00:37]} 4. Bg2 {[%emt 0:00:37]} Bb7 {[%emt 0:00:29]} 5. O-O {[%emt 0:00:19]} Be7 {[%emt 0:00:33]} 6. c4 {[%emt 0:02:31]} O-O {[%emt 0:00:36]} 7. Nc3 {[%emt 0:00:53]} Ne4 {[%emt 0:00:45]} 8. Nxe4 {[%emt 0:04:19]} Bxe4 {[%emt 0:00:09]} 9. Nh4 {[%emt 0:03:28]} Bxg2 {[%emt 0:00:40]} 10. Nxg2 {[%emt 0:00:04]} d6 {[%emt 0:00:31]} 11. e4 {[%emt 0:02:50]} c5 {[%emt 0:02:44]} 12. d5 {[%emt 0:00:51]} e5 {[%emt 0:04:14] [#]} 13. h4 $146 {[%emt 0:04:46] E18: Queen's Indian: Old Main Line (4 g3 Bb7 5 Bg2 Be7 6 0-0 0-0 7 Nc3).} ({Predecessor:} 13. Ne3 Bg5 14. Qh5 Bxe3 15. fxe3 Nd7 16. Bd2 a6 17. Rf3 g6 18. Qh6 Nf6 19. Qh4 Nh5 20. Qxd8 Rfxd8 {½-½ (49) Li,Z (2143)-Gardner,R (2198) Edmonton 2007}) 13... Nd7 {[%emt 0:02:13]} 14. Ne3 {[%emt 0:02:15]} Nf6 {[%emt 0:04:10]} 15. Qf3 {[%emt 0:04:50]} h5 {[%emt 0:07:10]} 16. Nf5 {[%emt 0:08:45]} Ng4 {[%emt 0:01:35]} 17. Qd3 {[%emt 0:13:22]} g6 {[%emt 0:05:05]} 18. Nxe7+ {[%emt 0:01:40]} Qxe7 {[%emt 0:00:13]} 19. f3 {[%emt 0:00:32]} Nf6 {[%emt 0:00:15]} 20. Bg5 {[%emt 0:00:30]} Kg7 {[%emt 0:01:38] [#]} 21. f4 $1 {[%emt 0:02:05]} Qd7 {[%emt 0:20:28]} 22. Bxf6+ {[%emt 0:11:38]} Kxf6 {[%emt 0:00:10]} 23. fxe5+ {[%emt 0:00:07]} Kg7 {[%emt 0:00:16]} 24. exd6 {[%emt 0:04:01]} Qxd6 {[%emt 0:01:03]} 25. Rf4 {[%emt 0:02:52]} Rfe8 {[%emt 0:02:10]} 26. Raf1 $18 {[%emt 0:01:00]} f6 {[%emt 0:05:57]} 27. Qf3 {[%emt 0:05:09]} Rf8 {[%emt 0:00:46]} 28. g4 {[%emt 0:03:53]} hxg4 {[%emt 0:01:03]} 29. Rxg4 {[%emt 0:01:38]} Rh8 {[%emt 0:01:37]} 30. Qf5 {[%emt 0:04:11]} Rh6 {[%emt 0:09:25]} 31. h5 {[%emt 0:01:29]} g5 {[%emt 0:02:00]} 32. e5 {[%emt 0:00:38]} Qxe5 {[%emt 0:01:10]} 33. Rxg5+ {[%emt 0:01:13]} Kh8 {[%emt 0:02:26]} 34. Qxe5 {[%emt 0:00:16]} fxe5 {[%emt 0:00:08]} 35. Rxe5 {[%emt 0:00:17]} Rg8+ {[%emt 0:01:16]} 36. Kf2 {[%emt 0:02:11]} Rh7 {[%emt 0:01:43]} 37. Ke3 {[%emt 0:01:09]} Rhg7 {[%emt 0:01:32]} 38. d6 {[%emt 0:03:16]} Rd7 {[%emt 0:03:05]} 39. Rf6 {[%emt 0:00:42]} Rgd8 {[%emt 0:01:23]} 40. Ree6 {[%emt 0:00:24]} 1-0